UBT Library

ANATOMY PHYSIOLOGY (Record no. 59085)

000 -LEADER
fixed length control field 00330nam a22001457a 4500
008 - FIXED-LENGTH DATA ELEMENTS--GENERAL INFORMATION
fixed length control field 221205b ||||| |||| 00| 0 eng d
020 ## - INTERNATIONAL STANDARD BOOK NUMBER
International Standard Book Number 9781617319396
041 ## - LANGUAGE CODE
Language code of text/sound track or separate title eng
080 ## - UNIVERSAL DECIMAL CLASSIFICATION NUMBER
Edition identifier FOURTH EDITION
Universal Decimal Classification number 611
082 ## - DEWEY DECIMAL CLASSIFICATION NUMBER
Classification number 611AME
100 ## - Rafti
Rafti 10
101 ## - Shkurtesa
Shkurtesa ANATO
245 ## - TITLE STATEMENT
Title ANATOMY PHYSIOLOGY
Statement of responsibility, etc AMERMAN C E
942 ## - ADDED ENTRY ELEMENTS (KOHA)
Source of classification or shelving scheme
Item type Books
Holdings
Withdrawn status Lost status Source of classification or shelving scheme Damaged status Not for loan Collection code Permanent location Current location Date acquired Total Checkouts Full call number Barcode Date last seen Price effective from Koha item type
          Koleksioni i përgjithshem UBT - Lipjan UBT - Lipjan 12/05/2022   611AME 002-800028700260955 12/05/2022 12/05/2022 Books
UBT Library © 2015-2024. All rights reserved University Education for Business and Technology